| 000 | 00929nam a22003137a 4500 | ||
|---|---|---|---|
| 001 | 0029763 | ||
| 003 | KOHA_MİRAKIL | ||
| 005 | 20260207002708.0 | ||
| 007 | ta | ||
| 008 | 110427b1990 usa|||gr||||#||||0|eng | | ||
| 020 |
_a0314668136 _q(alk. paper) |
||
| 020 |
_a0314710159 _q(NASTA bdg.) _c6 |
||
| 040 |
_aTR-BiSEU _btur _cTR-BiSEU _erda |
||
| 041 | 0 | _aeng | |
| 044 | _cus | ||
| 050 |
_aQA331.3 _b.C64 1990 |
||
| 100 | 1 | _aCohen, David. | |
| 245 | 1 |
_aPrecalculus with unit-circle trigonometry/ _cDavid Cohen ; David Cohen. |
|
| 264 | 1 |
_aSt. Paul : _bWest Pub. Co. _c1990 |
|
| 300 |
_axii, 627, 99, 6 p. : _bill. (some col.) ; _c27 cm. |
||
| 336 |
_ametin _btxt _2rdacontent |
||
| 337 |
_aaracısız _bn _2rdamedia |
||
| 338 |
_acilt _bnc _2rdacarrier |
||
| 500 | _aHalf title: Precalculus. | ||
| 650 | 0 |
_aFunctions. _937337 |
|
| 650 | 0 |
_aAlgebra. _92831 |
|
| 650 | 0 |
_aTrigonometry. _912306 |
|
| 942 |
_2lcc _cBK |
||
| 999 |
_c29684 _d29684 |
||